[Event "35th WCh U20 Girls"]
[Site "Tarvisio ITA"]
[Date "2017.11.20"]
[Round "7"]
[White "Dordzhieva, Dinara"]
[Black "Khademalsharieh, Sarasadat"]
[Result "1-0"]
[WhiteElo "2295"]
[BlackElo "2419"]
[EventDate "2017.11.13"]
[PlyCount "79"]

1.d4 Nf6 2.c4 e6 3.Nc3 Bb4 4.Qc2 O-O 5.a3 Bxc3+ 6.Qxc3 b6 7.Bg5 Bb7 8.f3 
h6 9.Bh4 d5 10.e3 Nbd7 11.cxd5 exd5 12.Bd3 Re8 13.Ne2 Qe7 14.Bf2 c5 15.O-O
Rac8 16.Qd2 Nb8 17.Rac1 Ba6 18.Bf5 Rc6 19.dxc5 bxc5 20.Rfe1 Qe5 21.Bb1 Rb6
22.Nc3 Nbd7 23.Bg3 Qe7 24.e4 d4 25.Nd5 Nxd5 26.exd5 Qd8 27.b4 Rxe1+ 28.
Rxe1 cxb4 29.axb4 d3 30.Bxd3 Bxd3 31.Qxd3 Rxb4 32.d6 a5 33.h3 a4 34.Kh2 h5
35.Qc3 Rb8 36.Re7 Nb6 37.Qc5 h4 38.Bxh4 Qf8 39.Bg3 g6 40.Rc7 1-0

[Event "35th WCh U20 Girls"]
[Site "Tarvisio ITA"]
[Date "2017.11.20"]
[Round "7"]
[White "Obolentseva, Alexandra"]
[Black "Uuriintuya, Uurtsaikh"]
[Result "1-0"]
[WhiteElo "2320"]
[BlackElo "2213"]
[EventDate "2017.11.13"]
[PlyCount "77"]

1.d4 Nf6 2.c4 g6 3.Nc3 Bg7 4.g3 O-O 5.Bg2 d6 6.e3 Nbd7 7.Nge2 e5 8.b3 Qe7 
9.O-O c6 10.a4 e4 11.h3 h5 12.f3 exf3 13.Rxf3 a5 14.Rf2 Re8 15.e4 Nh7 16.
Qd3 Ndf8 17.Ba3 Ng5 18.h4 Nh3+ 19.Bxh3 Bxh3 20.e5 c5 21.exd6 Qxd6 22.Bxc5 
Qc6 23.Nd5 Kh8 24.Ne7 Qd7 25.Rxf7 Qe6 26.Rxf8+ Bxf8 27.Nf4 Qg4 28.Nexg6+ 
Kg7 29.Bxf8+ Rxf8 30.Nxf8 Rxf8 31.Qe3 Qf5 32.Nxh3 Qxh3 33.Qg5+ Kh7 34.
Qxh5+ Kg7 35.Qg5+ Kh7 36.Re1 Kh8 37.d5 Qc8 38.Qh6+ Kg8 39.Qe6+ 1-0

[Event "35th WCh U20 Girls"]
[Site "Tarvisio ITA"]
[Date "2017.11.20"]
[Round "7"]
[White "Antova, Gabriela"]
[Black "Tokhiryonova, Gulrukhbegim"]
[Result "0-1"]
[WhiteElo "2257"]
[BlackElo "2306"]
[EventDate "2017.11.13"]
[PlyCount "58"]

1.d4 Nf6 2.Nf3 e6 3.c4 Bb4+ 4.Nbd2 O-O 5.a3 Be7 6.e4 d5 7.e5 Nfd7 8.Bd3 c5
9.Qc2 h6 10.O-O Nc6 11.Nb3 cxd4 12.Re1 a5 13.Bf4 Qb6 14.Rad1 Nc5 15.Bh7+ 
Kh8 16.Nbxd4 dxc4 17.Nxc6 bxc6 18.Re3 Ba6 19.Bg5 hxg5 20.Nd2 g4 21.Ne4 Nd3
22.Qe2 Kxh7 23.Qxg4 g6 24.Nf6+ Kg7 25.Nh5+ Kg8 26.Nf6+ Bxf6 27.exf6 Qxb2 
28.Qg5 Qxf2+ 29.Kh1 Qf4 0-1

[Event "35th WCh U20 Girls"]
[Site "Tarvisio ITA"]
[Date "2017.11.20"]
[Round "7"]
[White "Shuvalova, Polina"]
[Black "Pratyusha, Bodda"]
[Result "1-0"]
[WhiteElo "2386"]
[BlackElo "2152"]
[EventDate "2017.11.13"]
[PlyCount "93"]

1.e4 e5 2.Nf3 Nc6 3.Bb5 a6 4.Ba4 Nf6 5.O-O Be7 6.Re1 b5 7.Bb3 d6 8.c3 O-O 
9.h3 Nb8 10.d4 Nbd7 11.Nbd2 Bb7 12.Bc2 Re8 13.Nf1 Bf8 14.Ng3 g6 15.b3 c5 
16.d5 Qc7 17.c4 Reb8 18.Bg5 Bg7 19.Nh4 Bc8 20.Qd2 Qd8 21.Bd3 Qf8 22.Kh1 h5
23.a4 b4 24.Rf1 Nh7 25.Be3 Bf6 26.Nhf5 gxf5 27.Nxf5 Nb6 28.Nh6+ Kh8 29.Qe2
Ra7 30.a5 Na8 31.Qxh5 Qg7 32.Rae1 Qg6 33.Qe2 Re7 34.Nf5 Bxf5 35.exf5 Qg7 
36.Qh5 Nc7 37.Bh6 Qg8 38.Re4 Ne8 39.Rg4 Bg7 40.f6 Nexf6 41.Bxg7+ Qxg7 42.
Rxg7 Kxg7 43.Qh4 Rbe8 44.Bf5 Nf8 45.f4 N8d7 46.fxe5 Rxe5 47.Bxd7 1-0

[Event "35th WCh U20 Girls"]
[Site "Tarvisio ITA"]
[Date "2017.11.20"]
[Round "7"]
[White "Stiazhkina, Anna"]
[Black "Serikbay, Assel"]
[Result "1-0"]
[WhiteElo "2301"]
[BlackElo "2135"]
[EventDate "2017.11.13"]
[PlyCount "63"]

1.e4 c5 2.Nf3 e6 3.d4 cxd4 4.Nxd4 a6 5.c4 Nf6 6.Nc3 d6 7.Be2 g6 8.O-O Bg7 
9.Be3 O-O 10.f3 Nbd7 11.Qd2 Qc7 12.a4 b6 13.a5 Rd8 14.Rfc1 bxa5 15.Nb3 Rb8
16.Nxa5 Nc5 17.b4 Nb7 18.Nb3 Qe7 19.Nd4 Bd7 20.Rxa6 d5 21.exd5 Qxb4 22.Rb1
Qf8 23.Rab6 Nc5 24.d6 Rxb6 25.Rxb6 Be8 26.Nc6 Bxc6 27.Rxc6 Ncd7 28.c5 Rb8 
29.Rc7 Rb3 30.c6 Nb8 31.d7 Nfxd7 32.cxd7 1-0

[Event "35th WCh U20 Girls"]
[Site "Tarvisio ITA"]
[Date "2017.11.20"]
[Round "7"]
[White "Janzelj, Lara"]
[Black "Injac, Teodora"]
[Result "0-1"]
[WhiteElo "2192"]
[BlackElo "2244"]
[EventDate "2017.11.13"]
[PlyCount "82"]

1.d4 Nf6 2.c4 g6 3.Nc3 Bg7 4.e4 d6 5.Be2 O-O 6.Nf3 Nbd7 7.Be3 e5 8.d5 Ng4 
9.Bg5 f6 10.Bc1 f5 11.Ng5 Nc5 12.b4 Bf6 13.Nh3 Na6 14.exf5 e4 15.Bb2 Nxb4 
16.O-O gxf5 17.Na4 Bxb2 18.Nxb2 Qf6 19.Qc1 f4 20.Bxg4 Bxg4 21.f3 exf3 22.
Nf2 fxg2 23.Re1 Qg7 24.Qd2 a5 25.Re4 Rae8 26.Rae1 Rxe4 27.Rxe4 Qg5 28.a3 
Na6 29.Nbd3 Bf3 30.Rxf4 Rxf4 31.Nxf4 Qe5 32.Nxg2 Qg7 33.Nd3 Bxg2 34.Qxg2 
Nb8 35.Nf4 Nd7 36.Qxg7+ Kxg7 37.Ne6+ Kf6 38.Nxc7 Ke5 39.Ne6 Nb6 40.Ng5 
Nxc4 41.Nxh7 Nxa3 0-1

[Event "35th WCh U20 Girls"]
[Site "Tarvisio ITA"]
[Date "2017.11.20"]
[Round "7"]
[White "Cherniak, Viktoria"]
[Black "Nurgali, Nazerke"]
[Result "1-0"]
[WhiteElo "2236"]
[BlackElo "2121"]
[EventDate "2017.11.13"]
[PlyCount "99"]

1.d4 Nf6 2.c4 e6 3.Nc3 d5 4.Bf4 Be7 5.Nf3 O-O 6.e3 b6 7.Be2 Bb7 8.O-O c5 
9.dxc5 Bxc5 10.Rc1 Nbd7 11.a3 dxc4 12.Bxc4 Nh5 13.Bd6 Bxd6 14.Qxd6 Nc5 15.
Qe5 Nf6 16.Rfd1 Qe7 17.Nd4 Nfd7 18.Qg3 a6 19.b4 Ne4 20.Nxe4 Bxe4 21.f3 Bb7
22.Qc7 Rab8 23.Nxe6 fxe6 24.Qxd7 Qg5 25.Bxe6+ Kh8 26.e4 h6 27.Qd2 Qe5 28.
Bf5 Bc8 29.Bxc8 Rbxc8 30.Rxc8 Rxc8 31.Rc1 Rxc1+ 32.Qxc1 Qd4+ 33.Kf1 Qd3+ 
34.Kf2 a5 35.bxa5 bxa5 36.Qc8+ Kh7 37.Qf5+ Kh8 38.Qxa5 Qd4+ 39.Kg3 Qd6+ 
40.Kh3 g6 41.Qc3+ Kh7 42.e5 Qe6+ 43.Kg3 Qe7 44.h4 g5 45.Qd3+ Kg7 46.Qd6 
gxh4+ 47.Kh3 Qa7 48.Kxh4 Qf2+ 49.Kh5 Qxg2 50.Qf6+ 1-0

[Event "35th WCh U20 Girls"]
[Site "Tarvisio ITA"]
[Date "2017.11.20"]
[Round "7"]
[White "Arpita, Mukherjee"]
[Black "Rozman, Monika"]
[Result "1/2-1/2"]
[WhiteElo "2210"]
[BlackElo "2049"]
[EventDate "2017.11.13"]
[PlyCount "81"]

1.e4 c6 2.d4 d5 3.Nc3 dxe4 4.Nxe4 Bf5 5.Ng3 Bg6 6.h4 h6 7.Nf3 Nd7 8.h5 Bh7
9.Bd3 Bxd3 10.Qxd3 e6 11.Bf4 Ngf6 12.O-O-O Be7 13.Ne4 Nxe4 14.Qxe4 Nf6 15.
Qe2 Qd5 16.Kb1 Nxh5 17.Be5 Nf6 18.Nd2 b5 19.g4 Rg8 20.f4 O-O-O 21.Rc1 Nd7 
22.c4 bxc4 23.Qxc4 Nxe5 24.Qa6+ Kb8 25.fxe5 Qb5 26.Qxb5+ cxb5 27.Nb3 Rc8 
28.Rcf1 Rgf8 29.Rh3 f6 30.Rhf3 Kc7 31.Nc5 Bxc5 32.dxc5 Kd7 33.exf6 gxf6 
34.Rxf6 Rxf6 35.Rxf6 Rxc5 36.Rxh6 Rg5 37.Rh7+ Kd6 38.Rxa7 Rxg4 39.Kc2 e5 
40.Rb7 Kc5 41.Rc7+ 1/2-1/2

[Event "35th WCh U20 Girls"]
[Site "Tarvisio ITA"]
[Date "2017.11.20"]
[Round "7"]
[White "Priyanka, K."]
[Black "Ghukasian, Siranush"]
[Result "1-0"]
[WhiteElo "2046"]
[BlackElo "2207"]
[EventDate "2017.11.13"]
[PlyCount "109"]

1.e4 e5 2.Nf3 Nc6 3.Bb5 a6 4.Ba4 Nf6 5.O-O Be7 6.d3 b5 7.Bb3 d6 8.c3 O-O 
9.Re1 Re8 10.Nbd2 Bf8 11.Nf1 g6 12.h3 Bg7 13.d4 Bb7 14.Ng5 Re7 15.d5 Na5 
16.Bc2 h6 17.Nf3 c6 18.dxc6 Bxc6 19.Ng3 d5 20.Qe2 dxe4 21.Nxe4 Nd5 22.Rd1 
f5 23.Nc5 Qb6 24.Nb3 Nc4 25.Nh4 Bb7 26.a4 Rae8 27.Bd3 Qf6 28.Bxc4 bxc4 29.
Qxc4 Rc7 30.Nc5 Rxc5 31.Qxc5 Qxh4 32.Rxd5 Qe4 33.c4 Rc8 34.Qd6 Qe1+ 35.Kh2
Qxf2 36.Bxh6 Bxh6 37.Qxg6+ Bg7 38.Rd7 Qxg2+ 39.Qxg2 Bxg2 40.Rg1 Kf8 41.
Rxg2 Bh6 42.Rf2 Bf4+ 43.Rxf4 exf4 44.b3 Re8 45.Rd3 Re2+ 46.Kg1 Kg7 47.Rc3 
Kf6 48.c5 f3 49.c6 Re8 50.Kf2 a5 51.Kxf3 Rh8 52.Kf4 Rh4+ 53.Kg3 Rh8 54.c7 
Rc8 55.Kf4 1-0

[Event "35th WCh U20 Girls"]
[Site "Tarvisio ITA"]
[Date "2017.11.20"]
[Round "7"]
[White "Yuan Ye"]
[Black "Kanakova, Natalie"]
[Result "1/2-1/2"]
[WhiteElo "2196"]
[BlackElo "2134"]
[EventDate "2017.11.13"]
[PlyCount "79"]

1.d4 e6 2.c4 Bb4+ 3.Nd2 c5 4.a3 Bxd2+ 5.Qxd2 cxd4 6.Nf3 Nf6 7.Nxd4 O-O 8.
e3 d5 9.cxd5 Qxd5 10.Nf3 Qc6 11.Be2 Qc7 12.O-O e5 13.h3 Rd8 14.Qc3 Qxc3 
15.bxc3 Nc6 16.Bb2 Ne4 17.Bb5 f6 18.Bc4+ Kf8 19.a4 b6 20.Rfd1 Bb7 21.Bd3 
Na5 22.Ba3+ Kf7 23.Bb4 Nc5 24.Bb5 Nab3 25.Bc4+ Ke8 26.Bb5+ Ke7 27.Rxd8 
Rxd8 28.Rb1 Bxf3 29.Rxb3 Bd1 30.Rb2 Kd6 31.a5 Kc7 32.axb6+ axb6 33.f3 Nd3 
34.Bxd3 Rxd3 35.Kf2 f5 36.Ra2 Kb7 37.Rb2 Kc6 38.Ra2 Kb7 39.Rb2 Kc6 40.Ra2 
1/2-1/2

[Event "35th WCh U20 Girls"]
[Site "Tarvisio ITA"]
[Date "2017.11.20"]
[Round "7"]
[White "Choladze, Mariami"]
[Black "Mahalakshmi, Muganda Kumar"]
[Result "1/2-1/2"]
[WhiteElo "2112"]
[BlackElo "2191"]
[EventDate "2017.11.13"]
[PlyCount "113"]

1.e4 e6 2.d4 d5 3.Nd2 Nc6 4.Ngf3 Nf6 5.e5 Nd7 6.Nb3 a5 7.a4 Be7 8.Bb5 Na7 
9.O-O Nxb5 10.axb5 c5 11.dxc5 Nxc5 12.Nxc5 Bxc5 13.c4 O-O 14.Bg5 Qb6 15.
Nd2 Bd4 16.Qe2 dxc4 17.Nxc4 Qxb5 18.Rad1 Bxe5 19.Be7 Re8 20.Qxe5 Qxc4 21.
Rd4 Qc6 22.Rg4 g6 23.Bf6 Qd5 24.Qe3 Qf5 25.Rf4 Qd5 26.Rf3 Qh5 27.Rc1 e5 
28.Rc4 e4 29.Rxe4 Rxe4 30.Qxe4 Be6 31.Rd3 Qc5 32.h3 Qc1+ 33.Kh2 Qc7+ 34.
Be5 Qe7 35.Qf4 Bf5 36.Re3 Rc8 37.Bd6 Qd8 38.Be7 Qc7 39.Bd6 Qd8 40.Be5 b5 
41.Rg3 Bc2 42.Bf6 Qf8 43.Bd4 f6 44.Bxf6 Rc6 45.Rf3 Bd1 46.Rd3 Qxf6 47.Qb8+
Kg7 48.Rxd1 Rc2 49.Qa7+ Kh6 50.Qe3+ Qg5 51.Qxg5+ Kxg5 52.Rd5+ Kf6 53.Rxb5 
Rxf2 54.Rxa5 Rxb2 55.Ra7 h5 56.Ra6+ Kf5 57.Ra5+ 1/2-1/2

[Event "35th WCh U20 Girls"]
[Site "Tarvisio ITA"]
[Date "2017.11.20"]
[Round "7"]
[White "Di Benedetto, Desiree"]
[Black "San Diego, Marie Antoinette"]
[Result "0-1"]
[WhiteElo "2190"]
[BlackElo "2116"]
[EventDate "2017.11.13"]
[PlyCount "90"]

1.d4 g6 2.e4 Bg7 3.Nf3 c5 4.dxc5 Qa5+ 5.Nc3 Bxc3+ 6.bxc3 Qxc5 7.Qd4 Qxd4 
8.cxd4 d6 9.Bc4 Nd7 10.a4 b6 11.Ng5 e6 12.Ba3 h6 13.Nh3 Bb7 14.f3 d5 15.
exd5 Bxd5 16.Bxd5 exd5 17.Kd2 O-O-O 18.Rhe1 Nb8 19.Nf4 Nc6 20.Nd3 Nf6 21.
Ne5 Nxe5 22.dxe5 Nh5 23.a5 Rhe8 24.axb6 axb6 25.Rab1 Kb7 26.Rb5 Ra8 27.Bd6
Ra5 28.Rb3 Nf4 29.Reb1 Ra6 30.g3 Ne6 31.c3 Rc8 32.Ke3 h5 33.h3 Rc4 34.h4 
d4+ 35.Kd3 Rxc3+ 36.Rxc3 dxc3 37.Kxc3 Ra2 38.Rg1 Rf2 39.f4 Rf3+ 40.Kc4 Kc6
41.Kb4 b5 42.Be7 Kb6 43.Bg5 Nc5 44.Bd8+ Kc6 45.Rb1 Na6+ 0-1

[Event "35th WCh U20 Girls"]
[Site "Tarvisio ITA"]
[Date "2017.11.20"]
[Round "7"]
[White "Srdanovic, Jovana"]
[Black "Nguyen, Emily"]
[Result "0-1"]
[WhiteElo "2015"]
[BlackElo "2176"]
[EventDate "2017.11.13"]
[PlyCount "88"]

1.d4 d5 2.c4 c6 3.Nf3 Nf6 4.e3 Bg4 5.Nc3 e6 6.Bd3 Nbd7 7.O-O Bd6 8.h3 Bh5 
9.cxd5 exd5 10.e4 dxe4 11.Nxe4 Nxe4 12.Bxe4 O-O 13.Qc2 Nf6 14.Bg5 Bg6 15.
Bxg6 hxg6 16.Ne5 Qc7 17.Bxf6 gxf6 18.Nf3 Rad8 19.Rfe1 Rd7 20.Re3 Bf4 21.
Rc3 Bh6 22.Re1 Rfd8 23.Qb3 f5 24.Rd1 Bg7 25.Rcd3 Rd5 26.Qc4 Qd7 27.b4 b6 
28.Re1 Bxd4 29.Nxd4 Rxd4 30.Rxd4 Qxd4 31.Qxc6 Qxb4 32.Kf1 Qd4 33.Qc7 Qd3+ 
34.Kg1 Qd7 35.Qg3 Qd2 36.Re7 Qxa2 37.Qc7 Rf8 38.h4 Qa1+ 39.Kh2 Qd4 40.Qg3 
f4 41.Qg4 a5 42.f3 Rd8 43.Re4 Qd6 44.h5 Kg7 0-1

[Event "35th WCh U20 Girls"]
[Site "Tarvisio ITA"]
[Date "2017.11.20"]
[Round "7"]
[White "Koo Wei Xin, Rosamund"]
[Black "Terbe, Zsuzsanna"]
[Result "0-1"]
[WhiteElo "1900"]
[BlackElo "2170"]
[EventDate "2017.11.13"]
[PlyCount "104"]

1.c4 g6 2.d4 Nf6 3.Nf3 Bg7 4.g3 O-O 5.Bg2 d6 6.O-O Nbd7 7.Nc3 e5 8.d5 a5 
9.e4 Nc5 10.Ne1 Nfd7 11.Be3 f5 12.f3 f4 13.Bf2 h5 14.b3 g5 15.Nd3 Nxd3 16.
Qxd3 g4 17.Rad1 b6 18.Nb5 Nc5 19.Qe2 Rf7 20.Rb1 Qg5 21.Kh1 gxf3 22.Bxf3 
Bg4 23.Bxc5 bxc5 24.gxf4 exf4 25.Rg1 Re8 26.Bxg4 hxg4 27.Qxg4 Qxg4 28.Rxg4
Rxe4 29.Rf1 Kf8 30.h4 Be5 31.Rf3 Re2 32.Rg2 Re3 33.Rgf2 Re1+ 34.Rf1 Re2 
35.a4 Kg7 36.Rg1+ Kh6 37.Rg2 Re1+ 38.Kh2 Kh5 39.Rg5+ Kxh4 40.Rg8 Re2+ 41.
Kg1 Bg7 42.Kf1 Rb2 43.Rc8 Kg4 44.Rd3 f3 45.Rd1 Rh2 46.Kg1 Kg3 47.Rd3 Rg2+ 
48.Kf1 Rf2+ 49.Ke1 Re7+ 50.Kd1 Ree2 51.Kc1 Rf1+ 52.Rd1 Bh6+ 0-1

[Event "35th WCh U20 Girls"]
[Site "Tarvisio ITA"]
[Date "2017.11.20"]
[Round "7"]
[White "Gueci, Tea"]
[Black "Cramling-Bellon, Anna"]
[Result "1-0"]
[WhiteElo "2161"]
[BlackElo "1943"]
[EventDate "2017.11.13"]
[PlyCount "87"]

1.e4 c5 2.Nf3 Nc6 3.Bb5 g6 4.O-O Bg7 5.Re1 Nf6 6.e5 Nd5 7.Nc3 Nc7 8.Bxc6 
dxc6 9.Ne4 Ne6 10.d3 O-O 11.Be3 b6 12.c3 f5 13.exf6 exf6 14.d4 cxd4 15.
Nxd4 Nxd4 16.Bxd4 Qd5 17.f3 Bf5 18.Qa4 Bxe4 19.fxe4 Qe6 20.b4 Rfd8 21.Rad1
b5 22.Qa6 Rd7 23.a4 Qc4 24.axb5 Qxb5 25.Qa2+ Kh8 26.Bxf6 Rxd1 27.Bxg7+ 
Kxg7 28.Rxd1 Qb6+ 29.Kh1 Rf8 30.Qe6 Qf2 31.h3 Kh6 32.Qxc6 Qe2 33.Qd6 Rf2 
34.Rg1 Qxe4 35.Qc5 Rc2 36.Qf8+ Kh5 37.Qg7 h6 38.b5 Qd5 39.Qf6 Qe4 40.Kh2 
Qe2 41.Qf4 g5 42.Qf7+ Kh4 43.Qf5 g4 44.hxg4 1-0

[Event "35th WCh U20 Girls"]
[Site "Tarvisio ITA"]
[Date "2017.11.20"]
[Round "7"]
[White "Auvray, Honorine"]
[Black "Vidic, Teja"]
[Result "0-1"]
[WhiteElo "1987"]
[BlackElo "2159"]
[EventDate "2017.11.13"]
[PlyCount "130"]

1.e4 c5 2.Nf3 Nc6 3.d4 cxd4 4.Nxd4 Nf6 5.Nc3 d6 6.f3 e5 7.Nb3 Be7 8.Be3 
O-O 9.Qd2 a5 10.Bb5 Na7 11.Bd3 Be6 12.O-O-O Nc8 13.a4 Nb6 14.Qe2 Rc8 15.
Kb1 Rxc3 16.Bxb6 Qxb6 17.bxc3 Rc8 18.Kb2 d5 19.Rhe1 Qc6 20.Qd2 d4 21.cxd4 
Bb4 22.d5 Bc3+ 23.Kb1 Qxa4 24.Qc1 Bd7 25.Re3 Ne8 26.Be2 Nd6 27.Rxc3 Rxc3 
28.Qb2 Rc8 29.Qxe5 Qb4 30.Qb2 a4 31.Rd4 Qe1+ 32.Nc1 Qg1 33.Qb4 Qxh2 34.c4 
b6 35.g4 Qe5 36.Rd2 h5 37.Nd3 Qg3 38.Nb2 hxg4 39.Rd3 gxf3 40.Bxf3 Qe5 41.
Qc3 Qxc3 42.Rxc3 Bb5 43.e5 Nxc4 44.Ka2 Nd6 45.Rxc8+ Nxc8 46.Ka3 Bd7 47.
Nxa4 g5 48.Kb4 g4 49.e6 Bxe6 50.Bg2 Bd7 51.Nc3 Nd6 52.Ne2 Kg7 53.Kc3 f5 
54.Kd4 Kf6 55.Nf4 Kg5 56.Nd3 f4 57.Ke5 Nf7+ 58.Kd4 f3 59.Bh1 Kh4 60.Ke3 
Kg3 61.Nf2 Ng5 62.Nd3 Kh2 63.Ne5 Kxh1 64.Nxd7 g3 65.Ne5 g2 0-1

[Event "35th WCh U20 Girls"]
[Site "Tarvisio ITA"]
[Date "2017.11.20"]
[Round "7"]
[White "Arda, Cagil Irmak"]
[Black "Altantuya, Boldbaatar"]
[Result "1-0"]
[WhiteElo "2139"]
[BlackElo "1948"]
[EventDate "2017.11.13"]
[PlyCount "93"]

1.e4 e6 2.d4 d5 3.Nd2 Nf6 4.e5 Nfd7 5.Bd3 c5 6.c3 Nc6 7.Ne2 cxd4 8.cxd4 f6
9.Nf4 Nxd4 10.Qh5+ Ke7 11.exf6+ Nxf6 12.Ng6+ hxg6 13.Qxh8 Kf7 14.O-O Be7 
15.Qxd8 Bxd8 16.b3 Bb6 17.Bb2 e5 18.Nf3 Nxf3+ 19.gxf3 e4 20.fxe4 Bh3 21.
Rfd1 Ng4 22.Rd2 Kg8 23.Ba3 Ne5 24.Be2 dxe4 25.Rd5 Re8 26.Bc5 Nf3+ 27.Bxf3 
Bxc5 28.Bg2 Bxg2 29.Kxg2 Bb6 30.Re1 Rc8 31.Re2 Rc7 32.Re5 Bd4 33.R5xe4 Bf6
34.Rc4 Rd7 35.Rec2 Bd8 36.Re4 Kf7 37.Ree2 Bc7 38.Rcd2 Bd6 39.Rd5 Rd8 40.
Red2 Ke6 41.f4 b6 42.Kf3 a6 43.Kg4 b5 44.b4 Rd7 45.a3 Rd8 46.h4 Rd7 47.
Rxd6+ 1-0

[Event "35th WCh U20 Girls"]
[Site "Tarvisio ITA"]
[Date "2017.11.20"]
[Round "7"]
[White "Gomez Barrera, Javiera Belen"]
[Black "Ivanova, Simoneta"]
[Result "0-1"]
[WhiteElo "1972"]
[BlackElo "2137"]
[EventDate "2017.11.13"]
[PlyCount "138"]

1.e4 e5 2.Nf3 Nc6 3.Bb5 a6 4.Ba4 Nf6 5.Qe2 b5 6.Bb3 Be7 7.c3 O-O 8.O-O d5 
9.d3 Re8 10.Rd1 Be6 11.Nbd2 Qd7 12.Nf1 Rad8 13.h3 h6 14.Ng3 Qc8 15.Bc2 
dxe4 16.dxe4 Rxd1+ 17.Qxd1 Rd8 18.Qe1 Bd6 19.Nh4 Ne7 20.Qe2 Ng6 21.Nhf5 
Bf8 22.Qf3 Ne8 23.Be3 Qb7 24.Kh2 b4 25.Bb3 Bxb3 26.axb3 bxc3 27.bxc3 Qxb3 
28.Rxa6 Qc4 29.Ra7 Qxc3 30.Nh5 Qb3 31.Ra6 Qd3 32.Ra7 Qf1 33.Nfg3 Qe1 34.
Nf5 Qf1 35.Rb7 Qc4 36.Ra7 Qc6 37.Ra5 Qc3 38.Ra7 Qc4 39.Rb7 Qa6 40.Ra7 Qc4 
41.Ra5 Qe6 42.Bc5 Bxc5 43.Rxc5 Ne7 44.Qg3 Nxf5 45.exf5 Qxf5 46.Rxe5 Qg6 
47.Qe3 Nf6 48.Nf4 Qb1 49.Re7 Qb6 50.Qe2 Qd6 51.g3 c5 52.Rb7 Qd2 53.Rc7 
Qxe2 54.Nxe2 Rd2 55.Nc3 Rxf2+ 56.Kg1 Rf3 57.Rxc5 Rxg3+ 58.Kh2 Rd3 59.Rc4 
g5 60.Kg2 Kg7 61.Ne2 Nd5 62.Rc6 Re3 63.Ng3 Nf4+ 64.Kf2 Re6 65.Nf5+ Kg6 66.
Ne7+ Kf6 67.Ng8+ Kg7 68.Rxe6 fxe6 69.Ne7 Nxh3+ 0-1

[Event "35th WCh U20 Girls"]
[Site "Tarvisio ITA"]
[Date "2017.11.20"]
[Round "7"]
[White "Parnali, S. Dharia"]
[Black "Silva, Mariana Sofia"]
[Result "1-0"]
[WhiteElo "2136"]
[BlackElo "1883"]
[EventDate "2017.11.13"]
[PlyCount "71"]

1.d4 Nf6 2.c4 g6 3.Nc3 Bg7 4.e4 d6 5.Nf3 O-O 6.Be2 e5 7.O-O Nc6 8.d5 Ne7 
9.b4 Nh5 10.Re1 a5 11.bxa5 Rxa5 12.a4 f5 13.Ba3 Nf4 14.Bb4 Ra8 15.c5 dxc5 
16.Bxc5 fxe4 17.Bc4 Kh8 18.Nxe4 Bg4 19.Ra3 b6 20.Bb4 Nf5 21.Bxf8 Qxf8 22.
d6 cxd6 23.Bd5 Ra5 24.Bb7 d5 25.Rc3 Nd4 26.Neg5 Nxf3+ 27.gxf3 e4 28.Rc7 
Nh3+ 29.Kf1 Qf4 30.Qc1 Bf5 31.Rc8+ Bxc8 32.Qxc8+ Qf8 33.Qxh3 h6 34.Ne6 Qd6
35.Rc1 Rxa4 36.Rc8+ 1-0

[Event "35th WCh U20 Girls"]
[Site "Tarvisio ITA"]
[Date "2017.11.20"]
[Round "7"]
[White "Kiolbasa, Oliwia"]
[Black "Fernandez Rivero, Karla July"]
[Result "1/2-1/2"]
[WhiteElo "2206"]
[BlackElo "1986"]
[EventDate "2017.11.13"]
[PlyCount "64"]

1.e4 e5 2.Nf3 Nc6 3.Bb5 a6 4.Ba4 Nf6 5.O-O Be7 6.d3 b5 7.Bb3 d6 8.a3 O-O 
9.Nc3 Be6 10.Bxe6 fxe6 11.b4 h6 12.Bb2 Qe8 13.d4 Qg6 14.dxe5 dxe5 15.Ne2 
Rad8 16.Qc1 Nxe4 17.Qe3 Ng5 18.Nxg5 Bxg5 19.Qc3 Nd4 20.Nxd4 exd4 21.Qc6 
Rd6 22.Qxc7 Bf4 23.Bc1 e5 24.g3 Rc6 25.Qd7 Rxc2 26.Qd5+ Kh8 27.Bxf4 exf4 
28.Rad1 f3 29.Rxd4 Rc3 30.Rfd1 Qc6 31.Qxc6 Rxc6 32.R4d3 Kh7 1/2-1/2

[Event "35th WCh U20 Girls"]
[Site "Tarvisio ITA"]
[Date "2017.11.20"]
[Round "7"]
[White "Ning Kaiyu"]
[Black "Li Zhuoling"]
[Result "1-0"]
[WhiteElo "2173"]
[BlackElo "2006"]
[EventDate "2017.11.13"]
[PlyCount "113"]

1.d4 Nf6 2.Bf4 g6 3.Nc3 d5 4.e3 Bg7 5.h4 h5 6.Nf3 O-O 7.Ne5 Nbd7 8.Be2 c6 
9.f3 Nxe5 10.Bxe5 Nd7 11.Bxg7 Kxg7 12.Qd2 e5 13.O-O-O b5 14.dxe5 Nxe5 15.
Qd4 f6 16.e4 Qb6 17.exd5 b4 18.Ne4 cxd5 19.Qxd5 Be6 20.Qc5 Rac8 21.Qxb6 
axb6 22.b3 Rfd8 23.Nd6 Rc6 24.Nb5 Rcc8 25.Nd4 Bf7 26.Rd2 Rd5 27.f4 Ng4 28.
Bf3 Ra5 29.Kb2 Rac5 30.Re1 Rc3 31.Nb5 Re3 32.Bxg4 Rxc2+ 33.Rxc2 Rxe1 34.
Bf3 Rh1 35.Nd6 Be6 36.Re2 Bg4 37.Re7+ Kf8 38.Rf7+ Kg8 39.Bxg4 hxg4 40.Rxf6
Kg7 41.Ne8+ Kh7 42.Rf7+ Kg8 43.Rd7 Rh2 44.Rd2 Rxh4 45.g3 Rh3 46.Nf6+ Kg7 
47.Ne4 Rh1 48.Re2 Rd1 49.Kc2 Ra1 50.Kd3 Rc1 51.Rc2 Rd1+ 52.Kc4 Re1 53.Kd5 
Re3 54.Rc7+ Kf8 55.Rc6 Re2 56.Rxb6 Rxa2 57.Rxb4 1-0

[Event "35th WCh U20 Girls"]
[Site "Tarvisio ITA"]
[Date "2017.11.20"]
[Round "7"]
[White "Andolfatto, Maria"]
[Black "Lahav, Michal"]
[Result "1/2-1/2"]
[WhiteElo "1970"]
[BlackElo "2148"]
[EventDate "2017.11.13"]
[PlyCount "62"]

1.Nf3 Nf6 2.c4 g6 3.g3 Bg7 4.Bg2 O-O 5.Nc3 d5 6.cxd5 Nxd5 7.O-O Nc6 8.Nxd5
Qxd5 9.d3 Bg4 10.Bf4 Qd7 11.Qd2 Bxf3 12.Bxf3 Nd4 13.Bg2 c6 14.Be3 Rfd8 15.
Rab1 h5 16.h4 Qg4 17.Bxd4 Bxd4 18.Kh2 Qf5 19.Bf3 Qc5 20.b4 Qb5 21.Qc2 Qb6 
22.Kg2 Rac8 23.a4 Qc7 24.Rfc1 Qd7 25.Qb3 Bf6 26.Rc4 Qe6 27.Qc2 Rd4 28.Rxd4
Bxd4 29.Rc1 Rd8 30.Qc4 Qxc4 31.Rxc4 Bb6 1/2-1/2

[Event "35th WCh U20 Girls"]
[Site "Tarvisio ITA"]
[Date "2017.11.20"]
[Round "7"]
[White "Stashis, Anna"]
[Black "Hincu, Olga"]
[Result "1/2-1/2"]
[WhiteElo "1907"]
[BlackElo "2118"]
[EventDate "2017.11.13"]
[PlyCount "94"]

1.e4 e6 2.Nf3 d5 3.Nc3 Nf6 4.e5 Nfd7 5.d4 c5 6.dxc5 Nc6 7.Bf4 Bxc5 8.Bd3 
f6 9.exf6 Nxf6 10.Qe2 O-O 11.O-O-O Bd6 12.Bg5 a6 13.h4 Bd7 14.Bxf6 Qxf6 
15.Kb1 Ne5 16.Nxe5 Bxe5 17.Qh5 g6 18.Qg4 Bxc3 19.bxc3 Rad8 20.Qg5 e5 21.
Qxf6 Rxf6 22.f3 Kf7 23.h5 b5 24.hxg6+ hxg6 25.Rh7+ Ke6 26.Rg7 Be8 27.Ra7 
Rd6 28.Rh1 Bf7 29.Rh8 e4 30.fxe4 dxe4 31.Bxe4 Ke5 32.Bd3 Kf4 33.Re7 Rde6 
34.Rxe6 Bxe6 35.Rd8 g5 36.Rd4+ Kg3 37.Be4 Rf1+ 38.Kb2 Bf5 39.Bb7 Rf2 40.
Bxa6 Bxc2 41.Ka3 Bb1 42.Bxb5 Rxa2+ 43.Kb3 Rxg2 44.Bd7 Kh2 45.c4 Ba2+ 46.
Kb4 Rb2+ 47.Kc5 Rc2 1/2-1/2

[Event "35th WCh U20 Girls"]
[Site "Tarvisio ITA"]
[Date "2017.11.20"]
[Round "7"]
[White "Trippold, Denise"]
[Black "Cui, Cynthia"]
[Result "1-0"]
[WhiteElo "2104"]
[BlackElo "1553"]
[EventDate "2017.11.13"]
[PlyCount "101"]

1.d4 d5 2.c4 c6 3.Nf3 Nf6 4.g3 Bf5 5.Nc3 e6 6.Nh4 dxc4 7.Bg2 Be7 8.h3 Nbd7
9.e4 Bg6 10.Nxg6 hxg6 11.Qe2 Nb6 12.Be3 Qc7 13.Bf4 Qd7 14.Rd1 O-O 15.O-O 
Rfd8 16.Rfe1 Re8 17.h4 Rad8 18.Bh3 Qc8 19.a3 Nfd7 20.Qf3 Bf6 21.e5 Be7 22.
Bg5 Qc7 23.Ne4 Ra8 24.h5 Nf8 25.Kg2 Nd5 26.Rh1 Bxg5 27.Nxg5 f6 28.hxg6 
fxg5 29.Qh5 Nxg6 30.Qxg6 Qf7 31.Qxg5 Rf8 32.Rd2 c3 33.bxc3 Nxc3 34.Bg4 Qd7
35.Qg6 Rfe8 36.Qh7+ Kf8 37.Qh8+ Ke7 38.Qh4+ Kf8 39.Bh5 Qd5+ 40.f3 Re7 41.
Bg6 Rf7 42.Bxf7 Kxf7 43.Qf4+ Kg8 44.g4 Rf8 45.Rh8+ Kxh8 46.Qxf8+ Kh7 47.
Kg3 Qd7 48.Rh2+ Kg6 49.Qh8 Kf7 50.Rh7 Ne2+ 51.Kh2 1-0

[Event "35th WCh U20 Girls"]
[Site "Tarvisio ITA"]
[Date "2017.11.20"]
[Round "7"]
[White "Figueroa Bernal, Julia Dennis"]
[Black "Lasya, Goli"]
[Result "0-1"]
[WhiteElo "1690"]
[BlackElo "2087"]
[EventDate "2017.11.13"]
[PlyCount "46"]

1.e4 c5 2.Nf3 d6 3.d4 cxd4 4.Nxd4 Nf6 5.Nc3 Nc6 6.f3 e5 7.Nb3 Be7 8.Be3 
O-O 9.g4 a5 10.h4 a4 11.Nd2 a3 12.b3 d5 13.Nxd5 Nxd5 14.exd5 Qxd5 15.Bc4 
Qa5 16.Kf1 Qc3 17.Bd3 f5 18.Kg2 e4 19.Bc4+ Kh8 20.Bg5 e3 21.Nf1 fxg4 22.f4
Bf5 23.Bd3 Bxd3 0-1

[Event "35th WCh U20 Girls"]
[Site "Tarvisio ITA"]
[Date "2017.11.20"]
[Round "7"]
[White "Petraki, Evaggelia"]
[Black "Sibajeva, Marija"]
[Result "1-0"]
[WhiteElo "1854"]
[BlackElo "2016"]
[EventDate "2017.11.13"]
[PlyCount "97"]

1.c4 e5 2.Nf3 Nf6 3.g3 Nc6 4.Bg2 Bb4 5.Nc3 O-O 6.O-O e4 7.Ng5 Bxc3 8.dxc3 
Re8 9.Qc2 Qe7 10.Bf4 h6 11.Nh3 d5 12.cxd5 Nxd5 13.c4 Bxh3 14.cxd5 Bxg2 15.
Kxg2 Nb4 16.Qc4 Na6 17.Rac1 Rad8 18.Rfd1 Rd7 19.a3 g5 20.Be3 Red8 21.Rd4 
Qd6 22.Rxe4 Qxd5 23.Qxd5 Rxd5 24.h4 f6 25.hxg5 hxg5 26.b4 b6 27.a4 c5 28.
bxc5 Nxc5 29.Bxc5 Rxc5 30.Rxc5 bxc5 31.Re7 Rc8 32.Rxa7 c4 33.Rb7 c3 34.Rb1
Kf7 35.Kf3 Rc4 36.a5 Ra4 37.Rc1 Ra3 38.a6 c2+ 39.Ke4 Rxa6 40.Rxc2 Ra4+ 41.
Kd5 Ra5+ 42.Kd4 Rf5 43.f3 Kg6 44.Rc6 g4 45.f4 Ra5 46.Rc5 Rxc5 47.Kxc5 f5 
48.Kd5 Kf6 49.Kd6 1-0